| 000 | 00723 a2200253 4500 | ||
|---|---|---|---|
| 001 | 200129296 | ||
| 650 | 0 |
_aTurkish drama _920618 |
|
| 999 |
_c200129296 _d31660 |
||
| 003 | TR-AnTOB | ||
| 005 | 20231130001319.0 | ||
| 020 | _a975810628 9789758106288 | ||
| 040 | _aTR-AnTOB | ||
| 041 | _atur | ||
| 050 |
_aPL237 _b.G57 1997 |
||
| 090 | _aPL237 .G57 1997 | ||
| 100 |
_aGezen, Müjdat _987915 |
||
| 245 | 1 | 0 |
_aGırgıriye / _cMüjdat Gezen. |
| 246 | 0 | 0 | _aGırgıriye : Sulukule müzikali : müzikli komedi, 2 bölüm |
| 264 | 1 |
_aİstanbul: _bMitos-Boyut., _c1997 |
|
| 300 |
_a72 p. ; _c18 cm. |
||
| 490 | 0 |
_aMitos-Boyut Yayınları. _aTiyatro/Oyun dizisisi ; _v84 |
|
| 650 | 0 |
_aTürk tiyatrosu _946501 |
|
| 942 | _cBK | ||